| 000 | 00554cam a2200193 a 4500 | ||
|---|---|---|---|
| 001 | 000008491 | ||
| 005 | 20240305100859.0 | ||
| 008 | 780426s1970 ve 000 0 spa | ||
| 040 |
_aDO-SdBNP _bspa _cBNPHU |
||
| 082 |
_aM863.42 _bM385c |
||
| 100 | 1 |
_aMartÃnez Moreno, Carlos, _d1917-1986 _99855 |
|
| 245 | 1 | 0 |
_aCoca : _bnovela / _cCarlos Martinez Moreno. |
| 260 |
_aCaracas : _bMonte Avila, _c1970. |
||
| 300 |
_a220 p. ; _c20 cm. |
||
| 490 | 1 | _aPrisma | |
| 650 | 4 |
_aNovela mexicana _93959 |
|
| 650 | 4 |
_aLiteratura mexicana _91922 |
|
| 830 | 0 |
_aPrisma _93770 |
|
| 999 |
_c8262 _d8262 |
||